000 00560nam a2200181 i 4500
001 43225
003 ES-MaACL
005 20250730155718.0
007 t|
008 030317s1968 sp ||||1| spa d
100 1 _aCastro Calvo, José María.
_936910
245 1 0 _aMi gente y mi tiempo /
_cJosé María Castro Calvo ; prólogo por Carlos Seco Serrano.
260 _aZaragoza :
_b[Lib. Geral,
_c1968]
300 _a551 p. ;
_c19 cm.
700 1 _aSeco Serrano, Carlos,
_d1923-2020
_9105054
852 _aES-MaACL
_jG-4538
_bR.66295
999 _c43225
_d43225